书目信息 |
| 题名: |
完全掌握Excel 2002中文版标准教程
|
|
| 作者: | ;施威铭研究室 著 | |
| 分册: | ||
| 出版信息: | 北京 中国青年出版社 2002.01 |
|
| 页数: | 538页 | |
| 开本: | 26cm | |
| 丛书名: | ||
| 单 册: | ||
| 中图分类: | TP391.13-43 | |
| 科图分类: | ||
| 主题词: | 计算机应用 | |
| 电子资源: | ||
| ISBN: | 7-5006-4608-9 | |
| 000 | 00648nam0 2200193 45 | |
| 001 | 0232550410 | |
| 005 | 2002052009023022 | |
| 010 | @a7-5006-4608-9@dRMB 45.00 | |
| 100 | @a20020520d2002 km y0chiy0120 ea | |
| 101 | 0 | @achi |
| 102 | @aCN@b110000 | |
| 200 | 1 | @a完全掌握Excel 2002中文版标准教程@Awan quan zhang wo Excel 2002 zhong wen ban biao zhun jiao cheng@f施威铭研究室著@FShi Wei Ming Yan Jiu Shi Zhu |
| 210 | @a北京@c中国青年出版社@d2002.01 | |
| 215 | @a538页@d26cm | |
| 606 | 0 | @a计算机应用 |
| 690 | @aTP391.13-43@v3 | |
| 711 | 0 | @a施威铭研究室@AShi Wei Ming Yan Jiu Shi@4著 |
| 801 | 0 | @aCN@bPFT@c20020520 |
| 905 | @a安徽大学@dTP391.13-43@eS502 | |
| 完全掌握Excel 2002中文版标准教程/施威铭研究室著.-北京:中国青年出版社,2002.01 |
| 538页;26cm |
| ISBN 7-5006-4608-9:RMB 45.00 |
| ● |
| 相关链接 |
|
|
|
正题名:完全掌握Excel 2002中文版标准教程
索取号:TP391.13-43/S502
 
预约/预借
| 序号 | 登录号 | 条形码 | 馆藏地/架位号 | 状态 | 备注 |
| 1 | 354412 | 203544129 | 自科二线504/504自科库 1排4列2层/ [索取号:TP391.13-43/S502] | 在馆 | |
| 2 | 354413 | 203544138 | 自科库301/ [索取号:TP391.13-43/S502] | 在馆 |